ORGANIC CHEMISTRY (Record no. 35976)
[ view plain ]
| 000 -LEADER | |
|---|---|
| fixed length control field | 00357nam a22001577a 4500 |
| 003 - CONTROL NUMBER IDENTIFIER | |
| control field | OSt |
| 005 - DATE AND TIME OF LATEST TRANSACTION | |
| control field | 20240322130336.0 |
| 008 - FIXED-LENGTH DATA ELEMENTS--GENERAL INFORMATION | |
| fixed length control field | 170729b xxu||||| |||| 00| 0 eng d |
| 020 ## - INTERNATIONAL STANDARD BOOK NUMBER | |
| International Standard Book Number | 978-0198759775 |
| 040 ## - CATALOGING SOURCE | |
| Transcribing agency | SEROSOFT |
| 100 ## - MAIN ENTRY--PERSONAL NAME | |
| Personal name | SONI,P.L. |
| 245 ## - TITLE STATEMENT | |
| Title | ORGANIC CHEMISTRY |
| 260 ## - PUBLICATION, DISTRIBUTION, ETC. | |
| Place of publication, distribution, etc. | DELHI |
| Name of publisher, distributor, etc. | SULTAN CHAND |
| Date of publication, distribution, etc. | 1999 |
| 300 ## - PHYSICAL DESCRIPTION | |
| Extent | 3.387 |
| 942 ## - ADDED ENTRY ELEMENTS (KOHA) | |
| Source of classification or shelving scheme | |
| Koha item type | General Book |
| Withdrawn status | Lost status | Source of classification or shelving scheme | Damaged status | Not for loan | Home library | Current library | Date acquired | Source of acquisition | Coded location qualifier | Full call number | Barcode | Date last seen | Copy number | Price effective from | Koha item type |
|---|---|---|---|---|---|---|---|---|---|---|---|---|---|---|---|
| IIMT University Central Library Meerut | IIMT University Central Library Meerut | 07/29/2017 | 127 ENGG. COLLEGE | APPLIED SC | 546 SON | 01-B-121829 | 07/29/2017 | Chemistry | 07/29/2017 | Book Bank | |||||
| IIMT University Central Library Meerut | IIMT University Central Library Meerut | 07/29/2017 | 127 ENGG. COLLEGE | APPLIED SC | 546 SON | 01-B-121830 | 07/29/2017 | Chemistry | 07/29/2017 | Book Bank |

